000 00518nam a2200169 i 4500
001 22203
003 ES-MaACL
005 20250721063429.0
007 t|
008 021129s1984 sp ||||1| spa d
100 1 _aAlfonso, Eduardo,
_d1896-1991
_919848
245 1 0 _aCompendio histórico del Egipto hermético /
_cEduardo Alfonso.
260 _aMadrid :
_bEyras,
_c1984.
300 _a112 p., 8 lám. col. :
_bil., retr. aut. ;
_c22 cm.
852 _aES-MaACL
_jL-6236
_bR.107023
999 _c22203
_d22203